| 000 | 00728nam a2200229 a 4500 | ||
|---|---|---|---|
| 001 | BRCA_1926 | ||
| 005 | 20190320203614.0 | ||
| 008 | 000214s2000 enka---##b---#001-0#eng-d | ||
| 020 | _a1840146397 | ||
| 040 |
_aDLC _cDLC _dDLC |
||
| 050 | 4 |
_aNK2205 _b.E34 2000 |
|
| 100 | 1 |
_aEdwards, Clive _d1947- _95935 |
|
| 245 | 1 | 0 |
_aEncyclopedia of Furniture Materials, Trades, and Techniques _cClive Edwards. |
| 260 |
_aEngland _bAshgate _c2000 |
||
| 300 |
_aviii, 254 p. _bil. (algunas a color) _c27 cm. |
||
| 500 | _aIncluye lista de figuras | ||
| 504 | _aBibliografía : p. [247]-254 | ||
| 650 | 1 | 4 |
_aMuebles _vEnciclopedias _95936 |
| 650 | 1 | 4 |
_aFabricación de muebles _vEnciclopedias _xHistoria _95937 |
| 902 | _aREF | ||
| 942 |
_2lcc _cB |
||
| 999 |
_c1698 _d1698 |
||